000 01587 a2200253 4500
001 3218
005 20260407155425.0
008 260407a2000 arg spa d
003 AR-UNSa-BCEJYS
040 _aAR-UNSa-BCEJYS
_bspa
_cAR-UNSa-BCEJYS
080 _a336.226.1
_xImpuestos a las ganancias o los beneficios (Impuesto Diferido)
245 1 0 _aEl impuesto a las ganancias
020 _a950-14-1786-7
250 _a3a. ed.
264 1 _aBuenos Aires :
_bDepalma
_c2000
300 _a878 p.
_c23 cm.
505 _a1. Introducción - 2. Objeto del impuesto - 3. Ganancias de la tercera categoría - 4. Ganancias de las categorías primera, segunda y cuarta - 5. Ganancias gravadas de residentes en el país - 6. Doble imposición internacional: métodos para evitarla o aliviarla - 7. Exenciones - 8. Deducciones personales y por donaciones - 9. Sujetos del impuesto - 10. Año fiscal - 11. Imputación de resultados al año fiscal - 12. Determinación de la ganancia bruta en las categorías primera, segunda y cuarta - 13. Determinación de la ganancia bruta en la tercera categoría - 14. Ganancia neta y ganancia neta imponible - 15. Ajuste por inflación - 16. Reorganización de empresas - 17. Los incentivos tributarios y el impuesto a las ganancias - 18. Liquidación e ingreso del impuesto
041 _aspa
942 _cBK
590 _aniveau_biblio:m niveau_hierar:0
100 1 _aAtchabahian, Adolfo
700 1 _aRaimondi, Carlos A.
856 4 1 _uhttps://biblioeco.unsa.edu.ar/pmb/images/libros/El Impuesto a las Gancias-l86061.jpg
_yImagen de portada
_qimage/jpeg
999 _c299
_d299